ආයුර්වේද ඖෂධ සංග්‍රහය ප්‍රථම පියවර

Ayurveda aushadha sangrahaya
Saved in:
Bibliographic Details
Format: Book
Published: කොළඹ : ආයුර්වේද දෙපාර්තමේන්තුව, 1975.
Subjects:
Tags: Add Tag
No Tags, Be the first to tag this record!

MARC

LEADER 00000nam a2200000 4500
003 LK-CoNLD
005 20260326142304.0
008 251021b |||||||| |||| 00| 0 ||| d
015 |2 slnb 
017 |b LK-CoDNA 
040 |a LK-CoNLD  |b SIN  |c LK-CoNLD  |d LK-CoNLD 
082 |2 23  |q LK-CoNLD  |a 615.53 
245 |a ආයුර්වේද ඖෂධ සංග්‍රහය ප්‍රථම පියවර  |c : පළමුවන කොටස.  |6 880-1 
260 |a කොළඹ :  |b ආයුර්වේද දෙපාර්තමේන්තුව,  |c 1975. 
300 |a පි. li, 344 ;  |b නූබැ-බෝක : මිල නොදැක්වේ  |c සෙමී. 30. 
650 0 |a Medicine, Ayurvedic  |9 3671 
650 0 |a ආයුර්වේද ඖෂධ  |9 10260 
880 |6 245-1  |a Ayurveda aushadha sangrahaya 
942 |c BOOK 
945 |a 21064  |b D.M.N MADUSHIKA  |c 18375  |d Vijani RODRIGO 
999 |c 293614  |d 293614